000 00339nam a2200133Ia 4500
005 20260328104246.0
008 260328s9999||||xx |||||||||||||| ||und||
100 _aDomínguez, Manuel Augusto
245 0 _aLa Casa Cabildo de Lujan /
_cManuel Augusto Domínguez
260 _bOlimpo
300 _a18 p.
650 _aHISTORIA
942 _cBK
999 _c10057
_d10057